| 000 -LEADER |
| fixed length control field |
01831cam a2200349 a 4500 |
| 001 - CONTROL NUMBER |
| control field |
15529735 |
| 005 - DATE AND TIME OF LATEST TRANSACTION |
| control field |
20170130085806.0 |
| 008 - FIXED-LENGTH DATA ELEMENTS--GENERAL INFORMATION |
| fixed length control field |
081120s2009 dcua bc 000 0 eng |
| 010 ## - LIBRARY OF CONGRESS CONTROL NUMBER |
| LC control number |
2008050724 |
| 020 ## - INTERNATIONAL STANDARD BOOK NUMBER |
| International Standard Book Number |
9780943044347 (alk. paper) |
| 020 ## - INTERNATIONAL STANDARD BOOK NUMBER |
| International Standard Book Number |
0943044340 (alk. paper) |
| 035 ## - SYSTEM CONTROL NUMBER |
| System control number |
(OCoLC)ocn276274683 |
| 041 1# - LANGUAGE CODE |
| Language code of text/sound track or separate title |
eng |
| Language code of original |
ita |
| 050 00 - LIBRARY OF CONGRESS CALL NUMBER |
| Classification number |
ND623.M687A4 2009 |
| 100 1# - MAIN ENTRY--PERSONAL NAME |
| Personal name |
Fergonzi, Flavio. |
| 245 10 - TITLE STATEMENT |
| Title |
Morandi : |
| Remainder of title |
master of modern still life / |
| Statement of responsibility, etc. |
Flavio Fergonzi and Elisabetta Barisoni. |
| 260 ## - PUBLICATION, DISTRIBUTION, ETC. (IMPRINT) |
| Place of publication, distribution, etc. |
Washington, D.C. : |
| Name of publisher, distributor, etc. |
Phillips Collection, |
| Date of publication, distribution, etc. |
2009. |
| 300 ## - PHYSICAL DESCRIPTION |
| Extent |
125 p. : |
| Other physical details |
ill. (chiefly col.) ; |
| Dimensions |
23 cm. |
| 500 ## - GENERAL NOTE |
| General note |
Published on the occasion of an exhibition held at the Phillips Collection, Washington, D.C., Feb. 21-May 24, 2009. |
| 504 ## - BIBLIOGRAPHY, ETC. NOTE |
| Bibliography, etc |
Includes bibliographical references (p. 123-125). |
| 505 0# - FORMATTED CONTENTS NOTE |
| Formatted contents note |
Foreword / Gabriella Belli -- Preface / Dorothy Kosinski -- Giorgio Morandi : criticism, cities, sources, series / Fabio Fergonzi -- Morandi in the United States : exhibitions, galleries, memories / Elisabetta Barisoni -- Works -- List of illustrations -- Selected bibliography. |
| 600 10 - SUBJECT ADDED ENTRY--PERSONAL NAME |
| Personal name |
Morandi, Giorgio, |
| Dates associated with a name |
1890-1964 |
| Form subdivision |
Exhibitions. |
| 650 #0 - SUBJECT ADDED ENTRY--TOPICAL TERM |
| Topical term or geographic name as entry element |
Still-life in art |
| Form subdivision |
Exhibitions. |
| 700 1# - ADDED ENTRY--PERSONAL NAME |
| Personal name |
Morandi, Giorgio, |
| Dates associated with a name |
1890-1964. |
| 700 1# - ADDED ENTRY--PERSONAL NAME |
| Personal name |
Barisoni, Elisabetta. |
| 710 2# - ADDED ENTRY--CORPORATE NAME |
| Corporate name or jurisdiction name as entry element |
Phillips Collection. |
| 942 ## - ADDED ENTRY ELEMENTS (KOHA) |
| Source of classification or shelving scheme |
|
| Koha item type |
Hard Covered Materials |
| Classification part |
ND623.M687A4 2009 |